Loading...

Planning local economic development: theory and practice /

Bibliographic Details
Other Authors: Blakely,, Edward J.
Format: Printed Book
Language:English
Published: London: Sage, 2010.
Edition:4
Subjects:
LEADER 00631cam a2200205ua 4500
008 110916t2010||||||||||| 00 ||eng c
041 0 |a eng 
082 |a 338.973  |b BLA/P 
245 1 0 |a Planning local economic development: theory and practice /  
250 |a 4 
260 |a London:  |b Sage,  |c 2010. 
300 |a 444p.. 
362 1 |a 2010. 
650 |a Economics 
650 0 |a Locality development 
650 0 |a Human Resource development 
700 0 2 |a Blakely,, Edward J. 
942 |c BK 
999 |c 30919  |d 30919 
952 |0 0  |1 0  |4 0  |6 338_973000000000000_BLA  |7 0  |9 32770  |a KUCL  |b KUCL  |d 2014-05-23  |l 0  |o 338.973 BLA/  |p 27187  |r 2014-05-23  |w 2014-05-23  |y BK